<?xml version="1.0" encoding="UTF-8"?>
<record
    xmlns:xsi="http://www.w3.org/2001/XMLSchema-instance"
    xsi:schemaLocation="http://www.loc.gov/MARC21/slim http://www.loc.gov/standards/marcxml/schema/MARC21slim.xsd"
    xmlns="http://www.loc.gov/MARC21/slim">

  <leader>01437nam a2200193 a 4500</leader>
  <controlfield tag="008">180205t2015    ag ||||g |||| 00| 0 spa d</controlfield>
  <datafield tag="020" ind1=" " ind2=" ">
    <subfield code="a">9789504946472</subfield>
  </datafield>
  <datafield tag="041" ind1=" " ind2=" ">
    <subfield code="a">spa</subfield>
  </datafield>
  <datafield tag="092" ind1=" " ind2=" ">
    <subfield code="c">808</subfield>
    <subfield code="l">7</subfield>
    <subfield code="s">BLU</subfield>
  </datafield>
  <datafield tag="100" ind1=" " ind2="1">
    <subfield code="a">Jean, Blue</subfield>
    <subfield code="q">Francisco de Paula Fern&#xE1;ndez</subfield>
    <subfield code="9">4365</subfield>
  </datafield>
  <datafield tag="245" ind1=" " ind2=" ">
    <subfield code="a">Algo tan sencillo como tuitear te quiero/</subfield>
    <subfield code="c">Blue Jean</subfield>
  </datafield>
  <datafield tag="250" ind1=" " ind2=" ">
    <subfield code="a">2a ed.</subfield>
  </datafield>
  <datafield tag="260" ind1=" " ind2=" ">
    <subfield code="a">Buenos Aires:</subfield>
    <subfield code="b">Planeta;</subfield>
    <subfield code="c">2015.</subfield>
  </datafield>
  <datafield tag="300" ind1=" " ind2=" ">
    <subfield code="a">544 p.</subfield>
    <subfield code="c">23x15 cm</subfield>
  </datafield>
  <datafield tag="500" ind1=" " ind2=" ">
    <subfield code="a">Jean, B. (2015). Algo tan sencillo como tuitear te quiero. (2a ed.). Buenos Aires : Planeta.</subfield>
  </datafield>
  <datafield tag="505" ind1=" " ind2=" ">
    <subfield code="a">El primer a&#xF1;o en la universidad marca la vida muchas personas. Te enfrentas a nuevos retos, nuevas ilusiones y numerosos cambios que, por m&#xE1;s que los tengas previstos, no dejan de sorprenderte. Todo esto se multiplica si, adem&#xE1;s, ese primer a&#xF1;o transcurre en una residencia de estudiantes. Vives veinticuatro horas, los siete d&#xED;as de la semana, con lo que terminan convirti&#xE9;ndose  en tus mejores amigos. Abres los ojos de par en par y surge el amo, llegan las decepciones, descubres la pasi&#xF3;n, te persiguen las tentaciones, conoces a fondo tus miedos... Todo un ritmo que da v&#xE9;rtigo. Los chicos de la Residencia Benjam&#xED;n Franklin afronta esa &#xE9;poca repletos de sue&#xF1;os y tambi&#xE9;n de dudas. Las cosas no siempre son lo que parecen ni terminan como uno desea. Pero tienes que alcanzar la moneda para saber si sale cara o ceca.</subfield>
  </datafield>
  <datafield tag="655" ind1=" " ind2=" ">
    <subfield code="a">Literatura</subfield>
    <subfield code="9">2917</subfield>
  </datafield>
  <datafield tag="942" ind1=" " ind2=" ">
    <subfield code="2">ddc</subfield>
    <subfield code="c">LIT</subfield>
  </datafield>
  <datafield tag="999" ind1=" " ind2=" ">
    <subfield code="c">3324</subfield>
    <subfield code="d">3324</subfield>
  </datafield>
  <datafield tag="952" ind1=" " ind2=" ">
    <subfield code="0">0</subfield>
    <subfield code="1">0</subfield>
    <subfield code="2">ddc</subfield>
    <subfield code="4">0</subfield>
    <subfield code="7">0</subfield>
    <subfield code="a">BFM</subfield>
    <subfield code="b">BFM</subfield>
    <subfield code="c">CR</subfield>
    <subfield code="d">2026-05-26</subfield>
    <subfield code="e">Donaci&#xF3;n Mayo 2026</subfield>
    <subfield code="l">0</subfield>
    <subfield code="o">808 42 JEA</subfield>
    <subfield code="p">5165</subfield>
    <subfield code="r">2026-05-26</subfield>
    <subfield code="t">Ej. 1</subfield>
    <subfield code="w">2026-05-26</subfield>
    <subfield code="y">LIT</subfield>
    <subfield code="z">Donaci&#xF3;n Mayo 2026. Sede Tordos.</subfield>
    <subfield code="f"></subfield>
  </datafield>
</record>
